| 000 | 00401pab a2200157 454500 | ||
|---|---|---|---|
| 008 | 180718b1999 xxu||||| |||| 00| 0 eng d | ||
| 100 | _aBorah, Jnanashree | ||
| 245 | _aWomen, domestic fuels and environment: a study of rural North East | ||
| 260 | _c1999 | ||
| 300 | _ap.9-13 | ||
| 362 | _aSep | ||
| 650 | _aWomen - North East India | ||
| 650 | _aWomen | ||
| 773 | _aKurukshetra | ||
| 909 | _a42602 | ||
| 999 |
_c42602 _d42602 |
||